000 00809nam a22002417a 4500
005 20140725112153.0
010 _aENG-110080
020 _a9788120349254
_c595.00
035 _aEN-93613
037 _bDBAD/PUB
082 _a005.3
100 _aRegnicoli, Luca
245 _aBuild Windows 8 apps with Microsoft Visual C# and Visual Basic step by step /
_c by Luca Regnicoli, Paolo Pialorsi [and] Roberto Brunetti
_b
260 _aDelhi
_bPHI Learning
_c2014
270 _aRimjhim House, 111,Patparganj Industrial Estate
_bDelhi
_e110092
300 _axv,339p. :
_c24cm(pbk)
_bill
490 _aStep by step
500 _aIncludes index
650 _aApplication software
_xDevelopment.
700 _aPialorsi, Paolo
700 _aBrunetti, Roberto
942 _2ddc
_cEN
_mREG
_h005.3
999 _c84521
_d84521